000 00609nam a2200205Ia 4500
005 20260429112207.0
008 260429s9999||||xx |||||||||||||| ||und||
020 _a9789390063260
041 _aEnglish
082 _a181.4
_bWIL
100 _aWilliams, Monier
245 0 _aIndian wisdom :
_bor examples of the religious, philosophical and ethical doctrines of the Hindus /
_cMonier Williams
250 _a1st ed.
260 _aChennai :
_bMaven Books,
_c2022.
300 _axiv, 541 p.; hb
650 _a Indian ethics
650 _a Religious doctrines
650 _aHindu philosophy
942 _cTB
999 _c52828
_d52828